000
00336 a2200157 4500
001
56499
020
_a
8516035026
040
_c
Anchieta - Pituba
100
_a
Costa, Wagner
240
1
0
_a
Eu, pescador de mim
_l
por
245
1
0
_a
Eu, pescador de mim
300
_a
112
362
0
_a
2003
650
4
_a
Literatura juvenil
942
_c
BK
999
_c
56499
_d
56499